Recent progress in biology and medicine its social and ethical implications
Salvato in:
| Autore principale: | |
|---|---|
| Natura: | Libro |
| Lingua: | Undetermined |
| Pubblicazione: |
Paris
C.I.O.M.S.
1972
|
| Soggetti: | |
| Tags: |
Aggiungi Tag
Nessun Tag, puoi essere il primo ad aggiungerne! !
|
| Thư viện lưu trữ: | Trung tâm Học liệu Trường Đại học Cần Thơ |
|---|
| LEADER | 00470nam a2200169Ia 4500 | ||
|---|---|---|---|
| 001 | CTU_78547 | ||
| 008 | 210402s9999 xx 000 0 und d | ||
| 082 | |a 611.018 | ||
| 082 | |b A935 | ||
| 100 | |a Austin | ||
| 245 | 0 | |a Recent progress in biology and medicine its social and ethical implications | |
| 245 | 0 | |c Austin | |
| 260 | |a Paris | ||
| 260 | |b C.I.O.M.S. | ||
| 260 | |c 1972 | ||
| 650 | |a Biology,Genetics | ||
| 980 | |a Trung tâm Học liệu Trường Đại học Cần Thơ | ||